000 01162njm a22002657a 4500
005 20100908112946.0
007 sd ammalaaahaa
008 100907t xxu||||| |||| 00| 0 eng d
028 _aN. 54352
_bHis Master's Voice
035 _aGR-01385
040 _aSED/VEN
100 _aMohd Rafi
_918700
245 _aMera kusoor kya hai /
_cby Mohd Rafi ; music by Chitragupta ; lyrics by Rajindran Krishan
246 _aमेरा कुसूर क्या है /मोह्हम्मद रफ़ी
260 _aDam Dam, India
_bHis Mater's Voice
300 _a1 Sound Disc [Gramophone Record] :
_banalog.33 1/33 rpm
_c10 in (LP)
_fGramophone Record
500 _aBrief Record
505 _aSide 1-,Gam ki raah katey (गम की रह कटे) (मोहम्मद रफ़ी)-- Side-2 Aatey hai Aatey hai (आते है आते है) (उषा मंगेशकर)
650 _aClassical Music
_xExcerpts
_zIndia
_918707
700 _918701
_aGupta, Chitra
700 _aRajinder, Krishen
_918729
700 _918702
942 _2ddc
_cGR
999 _c44460
_d44460